Logo BPK

Biblioteka

Politechniki Koszalińskiej

Porosty (Lichenes) : (Rekord nr 31249)

Szczegóły MARC
000 -ETYKIETA REKORDU
podpole kontrolne o stałej długości 01087nam a2200265 i 4500
001 - NUMER KONTROLNY REKORDU
pole kontrolne bg
003 - IDENTYFIKATOR NUMERU KONTROLNEGO REKORDU
podpole kontrolne BPK
005 - DATA OSTATNIEJ MODYFIKACJI REKORDU
podpole kontrolne 20160113152702.0
008 - POLE O STAŁEJ DŁUGOŚCI - DANE KONTROLNE
podpole kontrolne o stałej długości 970909s1995 pl f |000 0 pol d
020 ## - MIĘDZYNARODOWY ZNORMALIZOWANY NUMER KSIĄŻKI - ISBN
ISBN 8385491708
040 ## - ŹRÓDŁO KATALOGOWANIA
Instytucja, która utworzyła rekord BPK
041 0# - KOD JĘZYKA
Kod języka tekstu pol
-- fre
-- lat
Kod języka dokumentu towarzyszącego innego niż libretto eng
080 ## - UNIWERSALNA KLASYFIKACJA DZIESIĘTNA - UKD
UKD 582.2/.3
100 1# - NAZWA OSOBOWA
Nazwa osobowa Motyka, Józef
Daty związane z nazwą (1900-1984).
245 10 - TYTUŁ/ODPOWIEDZIALNOŚĆ
Tytuł Porosty (Lichenes) :
Ciąg dalszy tytułu monografia.
Oznaczenie części/sekcji dzieła T. 1,
Tytuł części/sekcji dzieła Rodzina Lecanoraceae : Hymenelia, Aspicilia, Lecanorella, Protoplacodium, Manzonia /
Pozostałe elementy strefy tytułu i oznaczenia odpowiedzialności Józef Motyka ; pod red. Jadwigi Siemińskiej.
246 30 - WARIANT TYTUŁU
Tytuł Rodzina Lecanoraceae :
Ciąg dalszy tytułu Hymenelia, Aspicilia, Lecanorella, Protoplacodium, Manzonia
260 ## - STREFA ADRESU WYDAWNICZEGO
Miejsce wydania Lublin :
Nazwa wydawcy/dystrybutora Lubelskie Towarzystwo Naukowe,
Data publikacji, dystrybucji/powstania dokumentu 1995.
300 ## - STREFA OPISU FIZYCZNEGO
Objętość 384 s.
Rozmiary 24 cm.
546 ## - UWAGA O JĘZYKU
Uwaga o języku Tekst częśc. w jęz. pol., ang., franc., łac.
650 #4 - HASŁO PRZEDMIOTOWE W FORMIE NAZWY OGÓLNEJ LUB JEDNOSTKOWEJ
Nazwa ogólna lub geograficzna Porosty
Określnik ogólny systematyka.
700 1# - HASŁO DODATKOWE - NAZWA OSOBOWA
Nazwa osobowa Siemińska, Jadwiga
Daty związane z nazwą (1922- ).
Określenie związku między hasłem a opisywanym materiałem Red.
700 1# - HASŁO DODATKOWE - NAZWA OSOBOWA
Nazwa osobowa Motyka-Zgłobicka, Maria
Daty związane z nazwą (1944- ).
Określenie związku między hasłem a opisywanym materiałem Przedm.
856 ## - LOKALIZACJA I DOSTĘP DO ELEKTRONICZNYCH DOKUMENTÓW ZDALNYCH
Link (URL) http://koha.tu.koszalin.pl/cgi-bin/koha/opac-detail.pl?biblionumber=31249
Tekst linku Katalog online BPK
942 ## - DODATKOWE ELEMENTY (KOHA)
Typ dokumentu Książka
Schemat klasyfikacji Uniwersalna Klasyfikacja Dziesiętna
Egzemplarze
Wycofany Status egzemplarza Uszkodzony Dostępność Lokalizacja stała Lokalizacja bieżąca Miejsce przechowywania Sygnatura Kod kreskowy Dział Typ dokumentu
      Tylko na miejscu Biblioteka Politechniki Koszalińskiej Biblioteka Politechniki Koszalińskiej Czytelnia BG 38419 01181821 58 Botanika Książka
© 2023 Biblioteka Politechniki Koszalińskiej :: KOHA